| 000 | 00665cam a2200229 a 4500 | ||
|---|---|---|---|
| 001 | 1948691 | ||
| 005 | 20180123034420.0 | ||
| 008 | 870305s1987 nyua b 001 0 eng | ||
| 010 | _a 87006979 | ||
| 020 |
_a0275925722 (alk. paper) : _c$35.85 (est.) |
||
| 040 |
_aDLC _cDLC _dDLC |
||
| 041 | _aeng | ||
| 043 | _an-us--- | ||
| 080 | _a362.582 SWE | ||
| 082 | 0 | 0 |
_a362.582 SWE _219 |
| 100 | 1 | _a19 | |
| 101 | _aPOL | ||
| 245 | 1 | 0 |
_aPublic utilities and the poor : _cDavid C. Sweet and Kathryn Wertheim Hexter. |
| 504 | _aBibliography: p. [161]-163. | ||
| 906 |
_a7 _bcbc _corignew _d1 _eocip _f19 _gy-gencatlg |
||
| 942 |
_2ddc _cBK |
||
| 999 |
_c40712 _d40712 |
||